000 00837cam a2200253Ia 4500
003 data
005 20260322212029.0
008 data
020 _a059050827X :
020 _a9780590508278
040 _aJJJ
_cJJJ
_dNTA
_dFMO
_dGC9
_dNTA
043 _an-us---
050 1 4 _aPN6728.C34
_bW3852 1995
082 0 0 _a741.5/973
_221
099 _aWATTEB
100 1 _aWatterson, Bill.
245 1 4 _aThe Calvin and Hobbes tenth anniversary book /
_cBill Watterson.
260 _aNew York :
_bScholastic, Inc.,
_cc1995.
300 _a208 p. :
_bill. (some col.) ;
_c23 x 31 cm.
520 _aA collection of cartoons from the comic strip "Calvin and Hobbes," celebrating the tenth anniversary of the strip's publication.
650 0 _aComic books, strips, etc.
_zUnited States.
650 0 _aCalvin and Hobbes (Fictitious characters)
001 data
999 _c673
_d673